| 000 | 00749nam a2200193 a 4500 | ||
|---|---|---|---|
| 001 | 000034748 | ||
| 005 | 20200930073859.0 | ||
| 008 | 111019s1957 ag 000 0 spa d | ||
| 040 |
_aDO-SdBNP _bspa _cBNPHU |
||
| 082 |
_axxx _bS839p |
||
| 100 | 1 |
_aStern, William _960226 |
|
| 245 | 1 | 0 |
_aPsicología general : _bdesde el punto de vista personalístico / _cWilliam Stern ; prólogo y supervisión de la versión castellana Enrique Butelman. |
| 260 |
_aBuenos Aires : _bPaidos, _c1957. |
||
| 300 |
_a566 p. ; _c24 cm. |
||
| 490 | 1 | _aBiblioteca de psicología general | |
| 590 | _aPerteneció a la biblioteca personal de Juan Isidro Jimenes Grullón | ||
| 700 | 1 |
_aButelman, Enrique, _epról. _960227 |
|
| 830 | 0 |
_aBiblioteca de psicología general _960228 |
|
| 999 |
_c34239 _d34239 |
||